Educación y escuela en el fín de siglo.

Salvato in:
Dettagli Bibliografici
Autore principale: Mejía J., Marco Raúl (autor)
Natura: Libro
Lingua:spagnolo
Edizione:5a edición
Soggetti:
Tags: Aggiungi Tag
Nessun Tag, puoi essere il primo ad aggiungerne!!

MARC

LEADER 00000cam^a2200000uu^4500
001 000463566
005 20250521000000.0
008 050901s1997^^^^^^^^^^^^rd^r^^000^0^spa^d
009 20260310124315.859
022 |a 9586440370 
035 |a FCE 000006116 
035 |a FCE 024126 
037 |a Acervo ITESO - Biblioteca 
041 |a spa 
082 0 4 |a 370.115  |b MRJe 
100 |a Mejía J., Marco Raúl  |e (autor) 
245 1 0 |a Educación y escuela en el fín de siglo. 
250 |a 5a edición 
264 |a Bogotá :  |b CINEP,  |c 1997. 
300 |a 195 p. 
336 |a texto  |b txt  |2 rdacontenido 
337 |a sin mediación  |b n  |2 rdamedio 
338 |a volumen  |b nc  |2 rdasoporte 
649 |a XX 
650 |a Economía de la educación 
650 |a Educación popular 
650 |a Democracia 
650 |a Política 
650 |a Problemas sociales 
650 |a Educación 
650 |a Escuela 
650 |a Crisis educativa 
650 |a Propuesta de reforma 
650 |a América Latina 
910 |a Fondo Centro de Estudios Educativos 
920 |a Impresos - Libros 
930 |a Fondos Especiales 
905 |a 133 
901 |a ALE024126  |b IT2  |c CEE  |u 20250521 
902 |a https://opac.biblio.iteso.mx/vufind/Record/000463566